SANFL Teams - Statistics

General Stats
  • This quiz has been taken 61 times
  • The average score is 9 of 10
Answer Stats
Answer % Correct
North Adelaide
95%
Norwood
95%
Port Adelaide
95%
Adelaide
93%
Glenelg
90%
South Adelaide
90%
West Adelaide
90%
Woodville-West Torrens
86%
Sturt
79%
Central Districts
76%
No matching quizzes found
Score Distribution
Percent of People with Each Score
Percentile by Number Answered
Your Score History
You have not taken this quiz